000 00421nam a22001457a 4500
999 _c3504
_d3504
008 200616b ||||| |||| 00| 0 eng d
082 0 0 _a620.112
_bL524
100 _92882
_aLehri, Raghbir Singh
245 1 0 _aStrength of materials and mechanics of structures /
_cby Raghbir Singh Lehri
250 _a1st ed.
260 _aLudhiana
_bKatson
_c[n.d]
300 _aviii, 822 p.
650 0 _aStrength of Materials
942 _cBK